000 01298namaa22003611i 4500
003 EG-GICUC
005 20260302115430.0
008 260302s1996 ua ||||jr|||| 000 0 ara d
017 _a95 / 2239
_bدار الكتب والوثائق القومية (مصر)
020 _a9775222176
040 _aEG-GiCUC
_bara
_cEG-GiCUC
_dEG-GiCUC
_erda
043 _af----ua
082 0 4 _221
_a153.35
_bW136
092 0 4 _221
_a153.35
_bW136
099 _a153.35 W136
100 1 _aوهبه، مراد
_eمؤلف.
245 1 0 _aفلسفة الابداع /
_cمراد وهبه
250 _aالطبعة الاولى
264 _aالقاهرة (مصر) :
_bدار العالم الثالث،
_c1996.
300 _a101 صفحة ؛
_c20 سم
_bإيضاحيات، صور، مثيليات ؛ Illustrations
336 _2rdacontent
_atext
337 _2rdamedia
_aUnmediated
338 _2rdacarrier
_avolume
490 _aسلسلة التنوير ؛
_vالكتاب الثالث
504 _a96-100 ببليوجرافيا: صفحات.
541 _aد. جابر عصفور ؛
_bالقاهرة ؛
_cإهداء ؛
_d2024.
650 1 7 _aالابتكار
_2qrmak
650 1 7 _aالابداع
_2qrmak
650 1 7 _aالفلسفة
_2qrmak
651 1 _2qrmak
905 _aNermeen
942 _2ddc
_cBK
_e21
_n0
999 _c178801
_d178801